Get to grips with the Bill (Record no. 71944)

MARC details
000 -LEADER
fixed length control field 01766cam a2200277 4500
001 - CONTROL NUMBER
control field ABS66377
008 - FIXED-LENGTH DATA ELEMENTS--GENERAL INFORMATION
fixed length control field 030121n2003 000 0 eng u
035 ## - SYSTEM CONTROL NUMBER
System control number (Sirsi) u121081
100 ## - MAIN ENTRY--PERSONAL NAME
Personal name Edwards, M.
245 ## - TITLE STATEMENT
Title Get to grips with the Bill
260 ## - PUBLICATION, DISTRIBUTION, ETC.
Date of publication, distribution, etc. 2003
490 ## - SERIES STATEMENT
Series statement Estates Gazette
Volume/sequential designation (0302) 11 January 2003, 101(1)
520 ## - SUMMARY, ETC.
Summary, etc. Discusses the history and contents of the Compulsory Purchase and Compensation Bill, published in December 2002 following the planning green paper and 'daughter' documents. Last year has seen further upheaval for the planning system with the transfer of responsibility to the ODPM and Lord Rooker. Criticism from the profession also prompted government to drop proposals in relation to major infrastructure projects and planning tariffs. The final Bill consists of eight parts and covers England and in part Wales. Regional spatial strategies (RSS) will replace regional planning guidance with the exception of London, and local planning authorities will be obliged to prepare local development schemes. The Bill also introduces wide ranging development control reform, an improved system of compensation, and updates the definition of development. Bill available at www.publications.parliament.uk/.
590 ## - LOCAL NOTE (RLIN)
Local note ABS
650 ## - SUBJECT ADDED ENTRY--TOPICAL TERM
Topical term or geographic name entry element PLANNING AND COMPULSORY PURCHASE ACT 2004
650 ## - SUBJECT ADDED ENTRY--TOPICAL TERM
Topical term or geographic name entry element PLANNING REFORM
650 ## - SUBJECT ADDED ENTRY--TOPICAL TERM
Topical term or geographic name entry element PLANNING SYSTEM
650 ## - SUBJECT ADDED ENTRY--TOPICAL TERM
Topical term or geographic name entry element DEVELOPMENT CONTROL
650 ## - SUBJECT ADDED ENTRY--TOPICAL TERM
Topical term or geographic name entry element LOCAL DEVELOPMENT PLANS
650 ## - SUBJECT ADDED ENTRY--TOPICAL TERM
Topical term or geographic name entry element REGIONAL SPATIAL STRATEGIES
650 ## - SUBJECT ADDED ENTRY--TOPICAL TERM
Topical term or geographic name entry element Compulsory purchase
9 (RLIN) 6228
650 ## - SUBJECT ADDED ENTRY--TOPICAL TERM
Topical term or geographic name entry element COMPENSATION
690 ## - LOCAL SUBJECT ADDED ENTRY--TOPICAL TERM (OCLC, RLIN)
Topical term or geographic name as entry element PLANNING-PLANNING LAW
856 ## - ELECTRONIC LOCATION AND ACCESS
Uniform Resource Identifier <a href="https://www.publications.parliament.uk/pa/cm200203/cmbills/012/03012.i-vii.html">https://www.publications.parliament.uk/pa/cm200203/cmbills/012/03012.i-vii.html</a>
Public note View the Bill on the UK Parliament website...
942 ## - ADDED ENTRY ELEMENTS (KOHA)
Suppress in OPAC 0
Holdings
Withdrawn status Lost status Source of classification or shelving scheme Damaged status Not for loan Home library Current library Shelving location Date acquired Total Checkouts Full call number Barcode Date last seen Copy number Price effective from Koha item type
    Dewey Decimal Classification     London London Journal article 21/01/2003   ABS66377 121081-1001 06/08/2019 1 06/08/2019 Journal article